| 000 | 00437nam a22001337a 4500 | ||
|---|---|---|---|
| 082 | _aBICSE-6 USM | ||
| 100 |
_aUsman Umer _992628 |
||
| 245 | _aNext generation resource tracking using RFID Technology | ||
| 260 |
_aIslamabad _bNUST-SEECS _c2012 |
||
| 500 | _aSupervisor: Mr. Muhammad Bilal | ||
| 700 |
_aUsman Umer, Wasim Ahmad, Muhammad Hamid _992629 |
||
| 856 | _uhttp://10.250.8.41:8080/xmlui/handle/123456789/11068 | ||
| 942 |
_cPR _2ddc |
||
| 999 |
_c12976 _d12976 |
||